Statistics for Top 5 Most Populous Cities in Each State

Click here to take the quiz!

General Stats

  • This quiz has been taken 32 times
  • The average score is 129 of 250

Answers on the Map

Answers color-coded by a green-red scale on the quiz's map according to % correct below.
 

Answer Stats

StatePopulationCity% Correct
Colorado719,238Denver
100%
Michigan672,662Detroit
100%
California3,997,984Los Angeles
100%
Utah200,591Salt Lake City
100%
Washington754,567Seattle
100%
Georgia498,715Atlanta
96%
Maryland594,282Baltimore
96%
Massachusetts699,927Boston
96%
Texas1,356,785Dallas
96%
Hawaii347,397Honolulu
96%
Texas2,352,502Houston
96%
Mississippi164,422Jackson
96%
Nevada649,876Las Vegas
96%
Florida467,963Miami
96%
Minnesota427,728Minneapolis
96%
Tennessee681,928Nashville
96%
Louisiana399,187New Orleans
96%
Oklahoma649,021Oklahoma City
96%
Pennsylvania1,587,828Philadelphia
96%
Arizona1,660,272Phoenix
96%
California1,425,976San Diego
96%
California884,198San Francisco
96%
Illinois2,705,994Chicago
93%
Indiana867,125Indianapolis
93%
Florida949,611Jacksonville
93%
Missouri507,928Kansas City
93%
Kansas152,958Kansas City
93%
New York8,879,928New York
93%
Pennsylvania301,048Pittsburgh
93%
Oregon661,189Portland
93%
Maine66,417Portland
93%
New Mexico560,218Albuquerque
89%
Alaska293,538Anchorage
89%
North Carolina882,367Charlotte
89%
Wyoming63,957Cheyenne
89%
Ohio895,477Columbus
89%
Georgia206,922Columbus
89%
Florida307,573Orlando
89%
Florida384,959Tampa
89%
Texas993,649Austin
86%
Idaho228,790Boise
86%
South Carolina150,277Charleston
86%
West Virginia47,215Charleston
86%
Alabama200,603Montgomery
86%
Missouri302,838Saint Louis
86%
Minnesota312,818Saint Paul
86%
Texas1,532,233San Antonio
86%
California1,030,119San Jose
86%
Ohio302,605Cincinnati
82%
Alaska32,197Juneau
82%
Arkansas202,591Little Rock
82%
Kentucky620,578Louisville
82%
Wisconsin258,054Madison
82%
Tennessee650,618Memphis
82%
Nevada259,746Reno
82%
Louisiana221,599Baton Rouge
79%
New York278,349Buffalo
79%
Colorado483,829Colorado Springs
79%
North Dakota124,844Fargo
79%
Virginia228,783Richmond
79%
Kansas125,904Topeka
79%
Arizona545,975Tucson
79%
Oklahoma400,669Tulsa
79%
Ohio382,817Cleveland
75%
Iowa216,853Des Moines
75%
Alaska31,516Fairbanks
75%
Texas902,938Fort Worth
75%
Nebraska287,401Lincoln
75%
Wisconsin592,025Milwaukee
75%
North Carolina478,956Raleigh
75%
Missouri168,122Springfield
75%
Massachusetts155,032Springfield
75%
North Carolina248,232Winston-Salem
75%
Georgia202,081Augusta
71%
Alabama200,733Birmingham
71%
Missouri123,180Columbia
71%
South Carolina136,632Columbia
71%
Maryland104,156Columbia
71%
Vermont10,686Hartford
71%
Connecticut121,054Hartford
71%
Alabama187,041Mobile
71%
Nebraska468,262Omaha
71%
Rhode Island179,335Providence
71%
Georgia147,780Savannah
71%
Kansas389,225Wichita
71%
Montana116,827Billings
68%
Delaware38,079Dover
68%
New Hampshire31,771Dover
68%
Oregon171,245Eugene
68%
California530,093Fresno
68%
Delaware33,673Newark
68%
New Jersey282,090Newark
68%
Oregon173,442Salem
68%
New Mexico94,528Santa Fe
68%
Washington219,190Spokane
68%
Ohio198,006Akron
64%
North Dakota73,112Bismarck
64%
New Jersey265,549Jersey City
64%
New Hampshire31,366Rochester
64%
Minnesota117,902Rochester
64%
New York211,328Rochester
64%
South Dakota181,883Sioux Falls
64%
Wisconsin108,827Green Bay
61%
Tennessee187,500Knoxville
61%
Arizona508,958Mesa
61%
Vermont7,436Montpelier
61%
Arizona255,310Scottsdale
61%
Ohio273,782Toledo
61%
Virginia450,189Virginia Beach
61%
New Hampshire43,412Concord
57%
North Carolina278,547Durham
57%
Kentucky323,780Lexington
57%
Iowa82,396Sioux City
57%
New York142,749Syracuse
57%
Colorado374,114Aurora
54%
Illinois198,187Aurora
54%
Vermont42,899Burlington
54%
Iowa133,174Cedar Rapids
54%
Michigan200,217Grand Rapids
54%
Nevada317,189Henderson
54%
Utah118,178Provo
54%
Florida258,308Saint Petersburg
54%
Louisiana185,902Shreveport
54%
Washington216,279Tacoma
54%
New York211,569Yonkers
54%
Tennessee180,557Chattanooga
50%
Minnesota85,884Duluth
50%
North Carolina298,329Greensboro
50%
Alabama215,006Huntsville
50%
Nevada246,133North Las Vegas
50%
South Dakota75,443Rapid City
50%
Delaware70,635Wilmington
50%
Michigan121,890Ann Arbor
46%
Connecticut148,654Bridgeport
46%
Wyoming57,461Casper
46%
Pennsylvania96,471Erie
46%
Arkansas93,949Fayetteville
46%
Indiana267,633Fort Wayne
46%
Iowa76,290Iowa City
46%
Louisiana126,143Lafayette
46%
New Mexico102,926Las Cruces
46%
Connecticut134,023New Haven
46%
Virginia244,076Norfolk
46%
Maine31,997Bangor
43%
Mississippi45,968Biloxi
43%
Hawaii43,263Hilo
43%
New Hampshire112,525Manchester
43%
Oklahoma123,471Norman
43%
Alabama99,600Tuscaloosa
43%
Pennsylvania126,238Allentown
39%
Montana48,532Bozeman
39%
Montana34,284Butte
39%
Iowa102,085Davenport
39%
Colorado167,830Fort Collins
39%
Wisconsin100,164Kenosha
39%
Wyoming32,473Laramie
39%
Georgia157,346Macon
39%
Montana74,428Missoula
39%
New Mexico47,635Roswell
39%
Indiana103,290South Bend
39%
Washington183,012Vancouver
39%
Kentucky68,401Bowling Green
36%
North Dakota56,948Grand Forks
36%
Mississippi71,870Gulfport
36%
Idaho63,398Idaho Falls
36%
Illinois148,304Naperville
36%
Massachusetts185,877Worcester
36%
Washington147,599Bellevue
32%
Nebraska53,627Bellevue
32%
Oklahoma109,471Broken Arrow
32%
Massachusetts118,977Cambridge
32%
Arkansas89,142Fort Smith
32%
Illinois148,099Joliet
32%
Virginia178,626Newport News
32%
Alaska8,647Sitka
32%
New Jersey128,885Elizabeth
29%
Indiana117,963Evansville
29%
Kansas197,219Overland Park
29%
South Dakota28,562Aberdeen
25%
Minnesota85,578Bloomington
25%
Nevada219,178Paradise
25%
Hawaii47,698Pearl City
25%
Connecticut135,470Stamford
25%
West Virginia26,771Wheeling
25%
Arizona257,165Chandler
21%
Virginia242,634Chesapeake
21%
Tennessee163,648Clarksville
21%
Idaho106,894Meridian
21%
North Dakota47,340Minot
21%
West Virginia30,955Morgantown
21%
South Carolina114,852North Charleston
21%
Kansas139,605Olathe
21%
New Jersey145,627Paterson
21%
Wisconsin77,432Racine
21%
Illinois146,526Rockford
21%
South Carolina74,372Rock Hill
21%
Michigan134,587Warren
21%
Rhode Island80,847Warwick
21%
Alaska10,529Wasilla
21%
North Dakota36,566West Fargo
21%
Rhode Island81,274Cranston
18%
Hawaii49,914East Honolulu
18%
Wyoming31,903Gillette
18%
Mississippi45,951Hattiesburg
18%
Arkansas78,576Jonesboro
18%
Nebraska33,761Kearney
18%
Idaho96,252Nampa
18%
New Hampshire89,246Nashua
18%
Utah97,521Orem
18%
Utah116,046West Jordan
18%
South Dakota24,509Brookings
14%
Rhode Island47,476East Providence
14%
Nebraska51,478Grand Island
14%
Montana58,701Great Falls
14%
Oregon110,158Gresham
14%
Missouri116,925Independence
14%
Louisiana78,001Lake Charles
14%
Colorado156,798Lakewood
14%
Massachusetts111,670Lowell
14%
Kentucky59,809Owensboro
14%
Rhode Island71,847Pawtucket
14%
Vermont15,325Rutland
14%
Maine25,606South Portland
14%
Michigan132,964Sterling Heights
14%
Utah136,401West Valley City
14%
Maine23,196Auburn
11%
Idaho56,541Caldwell
11%
Oklahoma93,127Edmond
11%
West Virginia46,048Huntington
11%
Maine35,944Lewiston
11%
West Virginia29,675Parkersburg
11%
Mississippi54,944Southaven
11%
Vermont19,486South Burlington
11%
Arkansas84,161Springdale
11%
Connecticut114,403Waterbury
11%
Indiana99,329Carmel
7%
New Jersey100,008Edison
7%
Maryland91,347Germantown
7%
Oregon108,389Hillsboro
7%
Hawaii38,635Kailua
7%
Delaware22,582Middletown
7%
South Carolina90,801Mount Pleasant
7%
Pennsylvania88,495Reading
7%
New Mexico98,023Rio Rancho
7%
Wyoming23,082Rock Springs
7%
South Dakota22,655Watertown
7%
Kentucky40,366Covington
4%
Maryland83,267Silver Spring
4%
Delaware11,580Smyrna
4%
Maryland78,904Waldorf
4%

Score Distribution

Percentile by Number Answered

Percent of People with Each Score

Your Score History

You have not taken this quiz